000 00778cab a2200229 4500
001 ABS59542
008 090401t1998 xxu||||| |||| 00| 0 eng d
035 _a(Sirsi) u89234
041 _aeng
245 _aSurveying the field
260 _c1998
350 _a0
490 _aEstates Gazette
_v(9840) 3 October 1998, 176-178(3)
520 _aProvides by way of an introduction to property and the role of the general practice commercial surveyor, an overview of the property market and typical surveying services.
650 _aABOUT RICS-RICS MEMBERS
650 _aPROPERTY-COMMERCIAL PROPERTY
650 _aSURVEYING SERVICES
650 _aVALUATION METHODS
690 _aMANAGEMENT-BUSINESS MANAGEMENT-PROFESSIONAL PRACTICE
942 _n0
948 _c23/10/1998
999 _c56438
_d56438